000 00774cab a2200229 4500
001 WB2819-14
008 090401t1992 xxu||||| |||| 00| 0 eng d
035 _a(Sirsi) u7088
041 _aeng
245 _aBusiness parks on the rise
260 _c1992
350 _a0
490 _aArchitects` Journal
_v195(19) 13 May 1992, 7(1)
520 _aThe view that out-of-town developments have had their day has been denied by two business park activity surveys by architect Fitzroy Robinson and Centre for Construction Market Information.
650 _aAPPLIED PROPERTY RESEARCH
650 _aBUSINESS PARKS
650 _aCLIENT DEMAND
650 _aFORECAST
690 _aPROPERTY-COMMERCIAL PROPERTY-COMMERCIAL PROPERTY MARKET
942 _n0
948 _c04/03/1997
999 _c4230
_d4230